Các văn bản hướng dẫn xếp hạng, chuyển xếp lương và phụ cấp lương mới
Gorde:
| Formatua: | Liburua |
|---|---|
| Hizkuntza: | Undetermined |
| Argitaratua: |
Hà Nội
Giao Thông Vận Tải
2005
|
| Gaiak: | |
| Etiketak: |
Etiketa erantsi
Etiketarik gabe, Izan zaitez lehena erregistro honi etiketa jartzen!
|
| Thư viện lưu trữ: | Trung tâm Học liệu Trường Đại học Cần Thơ |
|---|
| LEADER | 00602nam a2200181Ia 4500 | ||
|---|---|---|---|
| 001 | CTU_87410 | ||
| 008 | 210402s9999 xx 000 0 und d | ||
| 020 | |c 81000 | ||
| 082 | |a 344.59701 | ||
| 082 | |b C101 | ||
| 245 | 0 | |a Các văn bản hướng dẫn xếp hạng, chuyển xếp lương và phụ cấp lương mới | |
| 245 | 0 | |c Quốc Cường sưu tầm | |
| 260 | |a Hà Nội | ||
| 260 | |b Giao Thông Vận Tải | ||
| 260 | |c 2005 | ||
| 650 | |a labor laws and legislation | ||
| 904 | |i Tuyến | ||
| 980 | |a Trung tâm Học liệu Trường Đại học Cần Thơ | ||